000 00584nam a2200169 i 4500
001 150126
003 ES-MaACL
005 20230906203403.0
007 t|
008 071026s1964 sp ||||1| spa d
100 1 _aVanderwerf, Calvin A.
_9113069
245 1 0 _aAcidos, bases y la química del enlace covalente /
_cCalvin A. Vanderwerf ; traducción por José Beltrán Martínez.
260 _aMadrid :
_bSelecciones Científicas,
_c[1964]
300 _aX, 140 p., 1 lám. :
_bil. ;
_c19 cm.
700 1 _aBeltrán Martínez, José.
_927372
852 _aES-MaACL
_jC-28194
_bR.56846
999 _c150126
_d150126